Globalizácia vízie - ilúzie - disproporcie - realita

Uložené v:
Podrobná bibliografia
Hlavný autor: Staněk, Peter
Médium: Kapitola
Jazyk:Slovak
Tagy: Pridať tag
Žiadne tagy, Buďte prvý, kto otaguje tento záznam!

MARC

LEADER 00000naa$a2200000$$$4500
001 0146264
005 20220531121916.9
041 0 |a slo 
044 |a SK 
245 1 0 |a Globalizácia vízie - ilúzie - disproporcie - realita  |c Peter Staněk 
500 |a Prepis zvukového záznamu prednášky. 
100 1 |a Staněk, Peter